Finalidad, necesidad y accidente en Aristóteles: un estudio sobre partes de los animales y generación de los animales

Uloženo v:
Podrobná bibliografie
Hlavní autor: Molina González, Liliana Cecilia (autora)
Médium: Kniha
Jazyk:španělština
Vydáno: Medellín Universidad de Antioquia 2010
Vydání:1a. ed
Edice:Filosofía
Témata:
Tagy: Přidat tag
Žádné tagy, Buďte první, kdo vytvoří štítek k tomuto záznamu!

MARC

LEADER 00000cam a2200000 a 4500
001 UCE3823
003 CL-VaPUC
008 140925e20100000ck |||||||||||||||||spa|d
020 |a 9789587143553 
082 0 4 |a 185  |b MOL  |2 21 
100 |a Molina González, Liliana Cecilia  |e autora  |9 576342 
245 1 0 |a Finalidad, necesidad y accidente en Aristóteles: un estudio sobre partes de los animales y generación de los animales 
250 |a 1a. ed 
300 |a 212 p 
942 |c BK 
945 |d 20140925 17:45:00  |a arojas 
260 |a Medellín  |b Universidad de Antioquia  |c 2010 
650 0 |a Aristotelismo  |9 347069 
650 0 |a Teleología   |9 325013 
650 0 |a Animales   |9 269820 
583 |a last modification  |c 20140925 17:45:00  |k Rodrigo Vera 
490 0 |a Filosofía 
999 |c 356962  |d 356960 
952 |0 0  |1 0  |3 erb  |4 0  |6 185_000000000000000_MOL_2010  |7 0  |8 A  |9 464756  |a BIBEDU  |b BIBEDU  |i 5115507  |l 1  |o 185 MOL 2010  |p 5115507  |r 2023-10-18  |s 2023-09-13  |w 2019-11-23  |y BK  |z Catalogado en:20140925  |k FIL